| 000 | 00921nas a2200313 4500 | ||
|---|---|---|---|
| 001 | BR2013001688 | ||
| 003 | BR-BrBNA | ||
| 005 | 20231205122010.0 | ||
| 007 | ta | ||
| 008 | 230509b bl.|||p| |||| 00| 00por d | ||
| 040 |
_aBR-BrBNA _bpor _cBiblioteca Nacional de Agricultura |
||
| 041 | _a(Pt) | ||
| 072 | _aF01 | ||
| 100 | 1 | _aPio, R. | |
| 100 | 1 | _aPenoni, E. dos S. | |
| 100 | 1 | _aRodrigues, F.A. | |
| 100 | 1 | _aRamos, J.D. | |
| 100 | 1 | _aDecarlos Neto, A. | |
| 245 | 1 | _aProdução e amplitude de colheita de cultivares de nogueira-macadâmia em Itapira, São Paulo | |
| 650 | _aMACADAMIA INTEGRIFOLIA | ||
| 650 | _aAMÊNDOA | ||
| 650 | _aCOLHEITA | ||
| 650 | _aSELEÇÃO | ||
| 650 | _aVARIEDADE | ||
| 650 | _aPRODUTIVIDADE | ||
| 773 | 0 |
_tRevista Ceres (Brazil) _xISSN 0034-737X _g(Nov-Dez 2012), v. 59(6) p. 826-831 _wBR2013001688 |
|
| 909 |
_a202311 _bLúcia _c55 _dLúcia Elande |
||
| 942 |
_2AGRIS _n0 _cANA |
||
| 999 |
_c226363 _d226363 |
||